000 00440nam a22001457a 4500
005 20140310183647.0
008 140109b xxu||||| |||| 00| 0 eng d
050 _aTT 504.6.F7
_b.D35 1991
100 _aDamase, Jacques.
245 _aSonia Delaunay :
_bfashion and fabrics /
_cJacques Damase.
260 _aNew York :
_bThames and Hudson,
_c1991.
300 _a176 p. :
_bill. (some col.) ;
_c32 cm.
942 _2lcc
_cBK
_kFOR
999 _c25964
_d25964